APQUA : un proyecto CTS a partir de los productos químicos /

APQUA, Aprendizaje de los Productos Químicos, sus Usos y Aplicaciones, es un proyecto educativo CTS desarrollado en España. Es el resultado de la colaboración establecida entre el programa SEPUP (Science Education for Public Undrestanding Program) del Lawrence may of Science de la Universidad de Cal...

Descripción completa

Detalles Bibliográficos
Autor principal: Medir Mercé, Magda
Otros Autores: Abelló Aulés, Montse
Formato: Analitica de revista
Lenguaje:español
Publicado: Santiago, Chile Pontificia Universidad Católica de Chile 1999

MARC

LEADER 00000cab a2200000 a 4500
001 036379
003 UAHC_CL
005 20180801183721.0
008 030922s1994 cl f 000 spa
952 |0 0  |1 0  |4 0  |6 PENSAMIENTO_EDUCATIVO24_99_000000000000000  |7 0  |8 General  |9 69100  |a BC  |b BC  |c General  |d 2017-08-03  |l 0  |o PENSAMIENTO EDUCATIVO-24/99  |p FICTICIO4879  |r 2019-01-08 00:00:00  |t 1  |w 2017-08-03  |y REVA 
999 |c 36379  |d 36379 
040 |a UAHC_CL  |c UAHC_CL  |d UAHC_CL 
100 1 |a Medir Mercé, Magda 
245 1 0 |a APQUA :  |b un proyecto CTS a partir de los productos químicos /  |c Magda Medir Mercé, Montse Abelló Aulés. 
260 |b Pontificia Universidad Católica de Chile  |c 1999  |a Santiago, Chile 
300 |a p. 269-294 
500 |a En: Pensamiento educativo, nû24, 1999. p.269-294. ISSN 07171013. 
520 |a APQUA, Aprendizaje de los Productos Químicos, sus Usos y Aplicaciones, es un proyecto educativo CTS desarrollado en España. Es el resultado de la colaboración establecida entre el programa SEPUP (Science Education for Public Undrestanding Program) del Lawrence may of Science de la Universidad de California y la Universidad Rovira i Virgili, en Tarragona.\Su objetivo es conseguir que las personas aprendan a obtener información sobre los productos químicos y comprendan cómo estos interaccionan con las personas y con el medio (Thies, 1985). APQUA además, a partir de temas sociales de actualidad relacionados con los productos químicos, proporciona a los alumnos el conocimiento, la comprensión y las habilidades necesarias para que puedan tomar más efectivamente sus decisiones, y participar activamente como miembros de una sociedad libre y democrática.\En el articulo se presenta cuál es el enfoque CTS particular de APQUA, su fundamentacion psicopedagógica, que material utiliza, su extensión actual y los resultados de los mismos estudios de evaluación realizados. 
700 1 |a Abelló Aulés, Montse 
700 1 |a Abelló Aulés, Montse 
773 0 |t Revista PRELAC  |w 041234 
900 |a PENSAMIENTO EDUCATIVO-24/99 
942 |c REVA  |2 ddc